Представление документа в формате MARC21

Поле Инд. ПП Название Значение
Тип записи a
Библиографический уровень b
001 Контрольный номер RU/IS/BASE/243607620
005 Дата корректировки 20200630211018.6
008 Кодируемые данные 20070920
040 b Код языка каталог. rus
e Правила каталог. PSBO
041 0_ a Код языка текста rus
084 a Индекс другой классификации/Индекс ББК 83.3(2=411.2)53
100 1_ a Автор Иванов Г.
q Полное имя Иванов Георгий
245 10 a Заглавие Судьба и стихи Леонида Каннегисера
c Ответственность Текст подгот. В. Петров
505 0_ a Форматированное содержание Дрогнувшее сердце
b Автор Иванов Г.
505 0_ a Форматированное содержание Он знал...
b Автор Адамович Г. В.
505 0_ a Форматированное содержание Из посмертных стихов
b Автор Каннегисер Л.
520 0_ a Аннотация Леонид Иоакимович Каннегисер (1896-1918) - русский поэт, студент Петроградского политехнического института. Был расстрелян за убийство председателя Петроградской ЧК М.С. Урицкого, которое он совершил, решив отомстить за расстрел близкого и ни в чем не виновного друга офицера В.Б. Перельцвейга. В 1928 году в Париже вышел небольшой сборник "Леонид Каннегисер", в который вошли статьи о нем и посмертные стихи
600 34 a Персоналии Каннегисер Леонид Иоакимович
650 04 a Основная рубрика история литературы
a Основная рубрика литературоведение
a Основная рубрика филологические науки
653 0_ a Ключевые слова XX век
a Ключевые слова поэзия
a Ключевые слова Россия
a Ключевые слова русская литература
700 1_ a Автор Адамович Г. В.
q Полное имя Адамович Георгий
700 1_ a Автор Каннегисер Л.
q Полное имя Каннегисер Леонид Иоакимович
700 1_ a Автор Петров В.
e Роль лиц автор подготовки текста
773 0_ t Заглавие источника Наше наследие
d Дата издания источника 1993
g Прочая информация № 26. - С. 87 - 6
w Контрольный № источника RU/IS/BASE/179596858
901 t Тип документа b